Vista normal
Vista MARC
Entrada Corporate Name
Número de registros utilizados en: 1
001 - CONTROL NUMBER
- control field: 11924
003 - CONTROL NUMBER IDENTIFIER
- control field: DLC
005 - DATE AND TIME OF LATEST TRANSACTION
- control field: 20220120114332.0
008 - FIXED-LENGTH DATA ELEMENTS
- fixed length control field: 160930n| azannaabn |n ana c
010 ## - LIBRARY OF CONGRESS CONTROL NUMBER
- LC control number: no2016131898
035 ## - SYSTEM CONTROL NUMBER
- System control number: (OCoLC)oca10594109
040 ## - CATALOGING SOURCE
- Original cataloging agency: ICrlF
- Language of cataloging: spa
- Description conventions: rda
- Transcribing agency: ICrlF
- Modifying agency: Mx-PuUPA
046 ## - SPECIAL CODED DATES
- Start period: 1991
- Source of date scheme: edtf
110 2# - HEADING--CORPORATE NAME
- Corporate name or jurisdiction name as entry element: Murdoch Books
370 ## - ASSOCIATED PLACE
- Place of residence/headquarters: Crows Nest (N.S.W.)
- Place of residence/headquarters: Sydney (N.S.W.)
- Source of term: naf
372 ## - FIELD OF ACTIVITY
- Field of activity: Publishers and publishing
- Source of term: lcsh
670 ## - SOURCE DATA FOUND
- Source citation: The little Thai cookbook , ©2015:
- Information found: t.p. (Murdoch Books) t.p. verso (Murdoch Books ; Crows Nest, NSW)
670 ## - SOURCE DATA FOUND
- Source citation: Its website, Sept. 29, 2016
- Information found: (Murdoch Books was founded in 1991 by Matt Handbury, publisher of illustrated books across a variety of subject areas, main office located in Sydney, Australia)